00436nam a2200157Ia 4500008004100000020001500041082000800056100001700064245008800081250000600169260003500175300001000210500002500220650001400245700001900259230524s9999 xx 000 0 und d a8186270019 bBAN aBanwait. S.S 0aBirla's Properties of Refrigerant and Psychrometric : Tables and Charts in S.I.Unit a1 aDelhibBirla Publicationc2013 a64 p. aQuantity Number: 60 aMechanics a"Laroiya, S.C"